[Event "FSV-ch 2009"]
[Site "Dortmund"]
[Date "2009.03.26"]
[Round "1.27"]
[White "Benke, Werner"]
[Black "Böckmann, Lieselotte"]
[Result "1-0"]
[WhiteElo "1544"]
[BlackElo "991"]
[PlyCount "106"]
[EventDate "2009.??.??"]
[Source "Pit Schulenburg"]
[SourceDate "2009.02.27"]

1. e4 e6 2. d4 c5 3. c3 Be7 4. Nf3 h6 5. Bd3 cxd4 6. cxd4 a6 7. O-O Nf6 8. Nc3
O-O 9. h3 Nh7 10. Qc2 f6 11. Nh4 Rf7 12. f4 Nc6 13. Qf2 f5 14. Nf3 d6 15. Be3
Nb4 16. Bb1 d5 17. exf5 exf5 18. Ne5 Rf6 19. Qf3 Nc6 20. Qxd5+ Be6 21. Qxd8+
Rxd8 22. Nxc6 bxc6 23. Bc2 Kh8 24. Rad1 Bf7 25. Bf2 g5 26. d5 gxf4 27. Bd4 Rg8
28. Bxf6+ Nxf6 29. d6 Bd8 30. Bxf5 Bb6+ 31. Kh2 Nh5 32. Bg4 Nf6 33. Rxf4 Nxg4+
34. Rxg4 Rf8 35. Re4 Bh5 36. Rd2 Bg6 37. Re6 Bf7 38. Rxh6+ Kg7 39. Rh4 Be6 40.
Rb4 Be3 41. Rb7+ Kg8 42. Rd3 Bf4+ 43. Kg1 Bc4 44. Rf3 Bxd6 45. Rxf8+ Kxf8 46.
Ne4 Be7 47. b3 Bd3 48. Rb8+ Kf7 49. Nf2 Bc2 50. Rc8 c5 51. Ra8 c4 52. bxc4 Kf6
53. Rxa6+ Ke5 1-0

[Event "FSV-ch 2009"]
[Site "Dortmund"]
[Date "2009.03.26"]
[Round "1.28"]
[White "Schirmer, Florian"]
[Black "Raabe, Hans-Ulrich"]
[Result "0-1"]
[WhiteElo "965"]
[BlackElo "1520"]
[PlyCount "62"]
[EventDate "2009.??.??"]
[Source "Pit Schulenburg"]
[SourceDate "2009.02.27"]

1. d4 Nf6 2. c4 g6 3. Nc3 Bg7 4. g3 O-O 5. Bg2 d6 6. e4 c5 7. d5 Nbd7 8. Bf4
Nb6 9. b3 Nh5 10. Bd2 Nd7 11. Bf3 Nhf6 12. Nge2 Ne5 13. Bg2 Nd3+ 14. Kf1 Ng4
15. Be3 Nxe3+ 16. fxe3 Ne5 17. Nf4 Nxc4 18. bxc4 Bxc3 19. Rc1 Bg7 20. Bf3 Bd7
21. Kg2 b5 22. Rf1 bxc4 23. Rf2 c3 24. Qb3 Qb6 25. Qc2 Qa5 26. Rcf1 Rab8 27. e5
Rb2 28. Qxb2 cxb2 29. Rxb2 Bxe5 30. Rb7 Bb5 31. Rb1 Qxa2+ 0-1

[Event "FSV-ch 2009"]
[Site "Dortmund"]
[Date "2009.03.26"]
[Round "1.29"]
[White "Tautz, Eugen"]
[Black "Wangrin, Stefan A"]
[Result "1-0"]
[WhiteElo "1448"]
[BlackElo "947"]
[PlyCount "119"]
[EventDate "2009.??.??"]
[Source "Pit Schulenburg"]
[SourceDate "2009.02.27"]

1. c4 e5 2. Nc3 c5 3. e3 Nc6 4. Nf3 Nf6 5. d4 cxd4 6. exd4 e4 7. Nd2 Nxd4 8.
Ndxe4 Ne6 9. Nd6+ Bxd6 10. Qxd6 Qb6 11. Qxb6 axb6 12. Be3 Nc5 13. Be2 O-O 14.
O-O Re8 15. Rfe1 Nfe4 16. Nd5 Na6 17. Nxb6 Rb8 18. Bf4 d6 19. Bf3 Bf5 20. Rad1
Re6 21. Bxe4 Rbe8 22. f3 h6 23. Kf2 Bxe4 24. Rxe4 Rxe4 25. fxe4 Nc5 {(=)} 26.
Kf1 Nxe4 27. Re1 Re6 28. Nd5 f5 29. Nc3 Kf7 30. Nxe4 fxe4 31. Ke2 Kf6 32. Rd1
g5 33. Bxd6 h5 34. Rf1+ Kg6 35. c5 h4 36. h3 Kh5 37. Rf5 Kg6 38. Re5 Rf6 39.
Rxe4 b5 40. Re5 b4 41. Re4 Kf5 42. Rxb4 Re6+ 43. Kf2 Rf6 44. a4 Kg6+ 45. Ke3
Rf1 46. a5 Ra1 47. Rb5 Re1+ 48. Kf2 Re4 49. a6 g4 50. hxg4 Rxg4 51. a7 Ra4 52.
Bb8 Kg5 53. c6+ Kg4 54. c7 Rf4+ 55. Ke3 h3 56. c8=Q+ Kh4 57. Qd8+ Kg3 58. Qg5+
Kh2 59. Qxf4+ Kg1 60. Qh2+ 1-0

[Event "FSV-ch 2009"]
[Site "Dortmund"]
[Date "2009.03.26"]
[Round "1.30"]
[White "Kittel, Swetlana"]
[Black "Milonas, Georgios"]
[Result "1-0"]
[WhiteElo "946"]
[BlackElo "1425"]
[PlyCount "51"]
[EventDate "2009.??.??"]
[Source "Pit Schulenburg"]
[SourceDate "2009.02.27"]

1. e4 c5 2. Nf3 e6 3. b3 Nc6 4. c4 Nf6 5. e5 Ne4 6. d3 Nxf2 7. Kxf2 d5 8. Nc3
Qa5 9. Bd2 dxc4 10. Ne4 Qc7 11. dxc4 Nxe5 12. Bc3 Ng4+ 13. Ke2 Qf4 14. Qd3 Bd7
15. g3 Qc7 16. h3 Nh6 17. Be5 Qc6 18. Rd1 Nf5 19. g4 Nd4+ 20. Nxd4 cxd4 21.
Qxd4 Rd8 22. Bg2 Qa6 23. Bxg7 Bxg7 24. Qxg7 Rf8 25. Nd6+ Ke7 26. Qg5+ 1-0

[Event "FSV-ch 2009"]
[Site "Dortmund"]
[Date "2009.04.02"]
[Round "2.1"]
[White "Raskin, Vitali"]
[Black "Lindam, Ingo"]
[Result "1-0"]
[WhiteElo "1612"]
[BlackElo "2033"]
[PlyCount "71"]
[EventDate "2009.??.??"]
[Source "Pit Schulenburg"]
[SourceDate "2009.02.27"]

1. d4 f5 2. c4 Nf6 3. Nc3 d6 4. Nf3 g6 5. d5 Bg7 6. g3 a5 7. Bg2 Na6 8. O-O O-O
9. Rb1 h6 10. Nd4 Nc5 11. a3 a4 12. b4 axb3 13. Nxb3 Nfe4 14. Nxe4 Nxe4 15.
Bxe4 fxe4 16. Nd4 Qe8 17. Ne6 Bxe6 18. dxe6 Qc6 19. Qd5 Rf5 20. Qxc6 bxc6 21.
Rb7 Rc8 22. Bd2 d5 23. a4 dxc4 24. Rc1 Bd4 25. e3 Bb6 26. Rxc4 Rd8 27. Bb4 Rdf8
28. Rxe4 Rxf2 29. a5 Rf1+ 30. Kg2 R8f2+ 31. Kh3 Bxa5 32. Bxa5 Rh1 33. Kg4 Rhxh2
34. Rf4 Rfg2 35. Rb8+ Kg7 36. Rf7# 1-0

[Event "FSV-ch 2009"]
[Site "Dortmund"]
[Date "2009.04.02"]
[Round "2.2"]
[White "Zelt, Jens"]
[Black "Clausen, Dirk"]
[Result "0-1"]
[WhiteElo "2015"]
[BlackElo "1606"]
[PlyCount "102"]
[EventDate "2009.??.??"]
[Source "Pit Schulenburg"]
[SourceDate "2009.02.27"]

1. c4 e6 2. g3 Nf6 3. Bg2 g6 4. b3 Bg7 5. Bb2 Nc6 6. Nf3 d6 7. O-O Bd7 8. d4 d5
9. Nbd2 O-O 10. h3 Na5 11. Ne5 b5 12. Rc1 bxc4 13. bxc4 Rb8 14. Bc3 Nc6 15.
Nxc6 Bxc6 16. Ba5 Qd7 17. cxd5 Nxd5 18. Nb3 Ba4 19. e3 Rb5 20. Bd2 Rfb8 21. Rb1
Bf8 22. Qc2 c5 23. dxc5 Bxb3 24. Rxb3 Rxc5 25. Qxc5 Rxb3 26. Qd4 Bg7 27. Qc4
Rb2 28. Bc1 Nb6 29. Qe4 Rxa2 30. Qb4 Ra1 31. Bd2 Rxf1+ 32. Bxf1 Bf8 33. Qb2 Bg7
34. Qc2 h5 35. Ba5 Nd5 36. Qc5 Bf8 37. Qd4 Qb7 38. e4 Nb4 39. Qe3 Nc6 40. Bd2
a5 41. Kh2 a4 42. Bc1 Qb3 43. Qd3 Qxd3 44. Bxd3 a3 45. Bc4 Ne5 46. Bb3 Nd3 47.
Bd2 Bb4 48. Be3 Bc3 49. Kg2 Nb4 50. Bc5 a2 51. Bxb4 a1=Q 0-1

[Event "FSV-ch 2009"]
[Site "Dortmund"]
[Date "2009.04.02"]
[Round "2.3"]
[White "Schlagbaum, Christoph"]
[Black "Lauche, Christoph"]
[Result "0-1"]
[WhiteElo "1605"]
[BlackElo "1950"]
[PlyCount "58"]
[EventDate "2009.??.??"]
[Source "Pit Schulenburg"]
[SourceDate "2009.02.27"]

1. e4 c5 2. c4 Nc6 3. Nc3 e5 4. g3 h5 5. Bg2 h4 6. d3 d6 7. g4 Nd4 8. h3 Ne7 9.
Nge2 Nec6 10. O-O Bxg4 11. hxg4 h3 12. Nxd4 hxg2 13. Kxg2 Nxd4 14. Be3 Ne6 15.
Qa4+ Qd7 16. Qxd7+ Kxd7 17. Rh1 Be7 18. Nd5 Bg5 19. Bxg5 Nxg5 20. a3 Ne6 21. b4
Nc7 22. Nxc7 Kxc7 23. b5 Rag8 24. Rxh8 Rxh8 25. Rh1 Rxh1 26. Kxh1 Kb6 27. Kg1
Ka5 28. Kf1 Ka4 29. Ke2 Kxa3 0-1

[Event "FSV-ch 2009"]
[Site "Dortmund"]
[Date "2009.04.02"]
[Round "2.4"]
[White "Begna, Bozidar"]
[Black "Benke, Werner"]
[Result "1-0"]
[WhiteElo "1937"]
[BlackElo "1544"]
[PlyCount "181"]
[EventDate "2009.??.??"]
[Source "Pit Schulenburg"]
[SourceDate "2009.02.27"]

1. e4 e6 2. d4 d5 3. Nd2 Nd7 4. Bd3 dxe4 5. Nxe4 Ngf6 6. Qe2 Nxe4 7. Bxe4 Nf6
8. Bxb7 Bxb7 9. Qb5+ Nd7 10. Qxb7 Bd6 11. Nf3 O-O 12. O-O a5 13. b3 Nf6 14. Bg5
h6 15. Bxf6 Qxf6 16. Qe4 Rfc8 17. Ne5 Bxe5 18. dxe5 Qe7 19. Rfd1 Rd8 20. a4 Qc5
21. Rd3 c6 22. Rad1 Rd5 23. c4 Rxd3 24. Rxd3 Qa3 25. g3 Qc5 26. Rd6 Rc8 27. Rd7
Qb6 28. Qf3 Rf8 29. Kg2 Qc5 30. Qe4 Qb6 31. Qd3 c5 32. f4 Rb8 33. g4 g6 34. f5
Qxb3 35. Qxb3 Rxb3 36. fxe6 fxe6 37. Re7 Rb4 38. Rxe6 Rxa4 39. Ra6 Kg7 40. Ra7+
Kg8 41. Kf3 Rxc4 42. Rxa5 Kf7 43. Ra6 Kg7 44. Ra7+ Kg8 45. Rc7 g5 46. h3 Rf4+
47. Ke3 c4 48. e6 Rf6 49. Rc8+ Kg7 50. Rc6 Kf8 51. Ke4 Rf2 52. Ke5 Rf3 53. Rc8+
Ke7 54. Rc7+ Ke8 55. Rxc4 Rxh3 56. Rc8+ Ke7 57. Rc7+ Ke8 58. Kf6 Rf3+ 59. Kg6
Re3 60. Rc6 Re4 61. Kh5 Ke7 62. Ra6 Kf6 63. e7+ Kxe7 64. Rxh6 Kf7 65. Kxg5 Kg7
66. Rg6+ Kf7 67. Ra6 Rc4 68. Kh5 Rc1 69. Kh6 Rh1+ 70. Kg5 Rb1 71. Ra7+ Kg8 72.
Ra6 Kg7 73. Rg6+ Kf7 74. Rf6+ Kg7 75. Rf5 Rc1 76. Ra5 Rb1 77. Ra7+ Kg8 78. Kh5
Rc1 79. g5 Rb1 80. Kh6 Rc1 81. Ra8+ Kf7 82. g6+ Ke7 83. Kg7 Rc7 84. Kg8 Kf6 85.
Ra6+ Kg5 86. g7 Rc2 87. Rd6 Rc3 88. Rd8 Kg6 89. Rd6+ Kh5 90. Kh7 Rc7 91. Kh8
1-0

[Event "FSV-ch 2009"]
[Site "Dortmund"]
[Date "2009.04.02"]
[Round "2.5"]
[White "Dite, Alexander"]
[Black "Hillebrand, Carsten"]
[Result "1/2-1/2"]
[WhiteElo "1573"]
[BlackElo "1874"]
[PlyCount "131"]
[EventDate "2009.??.??"]
[Source "Pit Schulenburg"]
[SourceDate "2009.02.27"]

1. d4 Nf6 2. c4 g6 3. Nc3 Bg7 4. e4 d6 5. Be2 O-O 6. Bg5 Na6 7. h4 h6 8. Be3 c5
9. d5 Nc7 10. h5 g5 11. f4 gxf4 12. Bxf4 Nd7 13. Qd2 Kh7 14. g4 f6 15. Nf3 Ne5
16. Nxe5 dxe5 17. Be3 b6 18. O-O-O Ne8 19. Rdg1 Nd6 20. Bd3 a6 21. Ne2 Qc7 22.
g5 fxg5 23. Bxg5 Nf7 24. Be3 Ng5 25. Bxg5 hxg5 26. Ng3 Bh6 27. Kc2 Rf6 28. Nf5
Bxf5 29. exf5 Rg8 30. Rg4 Qb8 31. a4 Qe8 32. b3 Qd7 33. Re1 Qe8 34. Qh2 Rg7 35.
Rxe5 Qb8 36. Qe2 Qe8 37. Rge4 g4 38. Rxg4 Kh8 39. Rxg7 Bxg7 40. Rxe7 Qg8 41.
Re6 Rf8 42. Rxb6 Qf7 43. Rxa6 Qb7 44. Re6 Qb4 45. Qd2 Qa3 46. Kd1 Qxb3+ 47. Ke2
Qb8 48. f6 Qh2+ 49. Kd1 Qxd2+ 50. Kxd2 Bxf6 51. a5 Bd4 52. a6 Rf2+ 53. Be2 Rf7
54. d6 Bf6 55. Rxf6 Rxf6 56. a7 Rxd6+ 57. Ke3 Ra6 58. Ke4 Rxa7 59. Kd5 Rc7 60.
Kd6 Rc8 61. Bf3 Kg7 62. Bc6 Rd8+ 63. Kxc5 Rd1 64. Bd5 Rc1 65. Kd6 Rxc4 66. Bxc4
1/2-1/2

[Event "FSV-ch 2009"]
[Site "Dortmund"]
[Date "2009.04.02"]
[Round "2.6"]
[White "Jost, Udo"]
[Black "Tautz, Eugen"]
[Result "1-0"]
[WhiteElo "1831"]
[BlackElo "1448"]
[PlyCount "67"]
[EventDate "2009.??.??"]
[Source "Pit Schulenburg"]
[SourceDate "2009.02.27"]

1. e4 e5 2. Nf3 d6 3. h3 Nf6 4. Nc3 a6 5. d4 exd4 6. Nxd4 Bd7 7. Bc4 Nc6 8. O-O
Ne5 9. Bb3 c5 10. Nf3 Nxf3+ 11. Qxf3 Be7 12. a4 Bc6 13. Bf4 O-O 14. Rad1 Qc7
15. g4 Nd7 16. g5 Ne5 17. Qg2 Ng6 18. Bg3 Rad8 19. h4 Kh8 20. h5 Ne5 21. f4 Ng4
22. Qe2 Bd7 23. Nd5 Qa5 24. Nxe7 c4 25. Bxc4 Qc5+ 26. Bf2 Nxf2 27. Rxf2 Rde8
28. Nd5 f5 29. b4 Qa7 30. e5 dxe5 31. Nf6 gxf6 32. Rxd7 exf4 33. g6 hxg6 34.
hxg6 1-0

[Event "FSV-ch 2009"]
[Site "Dortmund"]
[Date "2009.04.02"]
[Round "2.7"]
[White "Raabe, Hans-Ulrich"]
[Black "Morawietz, Manuel"]
[Result "0-1"]
[WhiteElo "1520"]
[BlackElo "1810"]
[PlyCount "68"]
[EventDate "2009.??.??"]
[Source "Pit Schulenburg"]
[SourceDate "2009.02.27"]

1. e4 e6 2. d4 d5 3. Nc3 Nf6 4. Bg5 dxe4 5. Nxe4 Nbd7 6. Nf3 h6 7. Bh4 g5 8.
Nxf6+ Nxf6 9. Bg3 Bg7 10. Be5 b6 11. Bb5+ Bd7 12. Be2 O-O 13. h4 g4 14. Nh2 h5
15. g3 Bc6 16. O-O Ne4 17. Bxg7 Kxg7 18. Bxg4 hxg4 19. Qxg4+ Kf6 20. Rfe1 Ke7
21. Rxe4 Bxe4 22. Qxe4 Qd6 23. Nf3 Rad8 24. c4 c5 25. d5 f5 26. Qe3 f4 27.
Qxe6+ Qxe6 28. dxe6 fxg3 29. Kg2 Rd3 30. Ne5 Rxf2+ 31. Kh3 Rh2+ 32. Kg4 Re3 33.
Nf3 Rf2 34. Ng1 g2 0-1

[Event "FSV-ch 2009"]
[Site "Dortmund"]
[Date "2009.04.02"]
[Round "2.8"]
[White "Schirmer, Michael"]
[Black "Sonntag, Joachim"]
[Result "0-1"]
[WhiteElo "1424"]
[BlackElo "1788"]
[PlyCount "56"]
[EventDate "2009.??.??"]
[Source "Pit Schulenburg"]
[SourceDate "2009.02.27"]

1. e4 c5 2. Nc3 Nc6 3. f4 d6 4. Nf3 Bg4 5. Bc4 a6 6. O-O Qd7 7. a4 Nf6 8. Qe1
Bxf3 9. gxf3 Nd4 10. Bd3 c4 11. Qf2 cxd3 12. Qxd4 dxc2 13. d3 Rc8 14. Qf2 d5
15. e5 d4 16. exf6 dxc3 17. fxe7 Bxe7 18. Qxc2 Qd4+ 19. Kh1 O-O 20. bxc3 Rxc3
21. Qg2 Rb3 22. Ra2 Bf6 23. Rff2 Rxd3 24. Rfd2 Re8 25. Qf1 Rxd2 26. Bxd2 h6 27.
Qc1 Qf2 28. Qd1 Re2 0-1

[Event "FSV-ch 2009"]
[Site "Dortmund"]
[Date "2009.04.02"]
[Round "2.9"]
[White "Stukemeier, Ralf"]
[Black "Krüger, Inge"]
[Result "1-0"]
[WhiteElo "1781"]
[BlackElo "1272"]
[PlyCount "41"]
[EventDate "2009.??.??"]
[Source "Pit Schulenburg"]
[SourceDate "2009.02.27"]

1. e4 e6 2. d4 d5 3. Nc3 Nf6 4. e5 Nfd7 5. f4 c5 6. Nf3 Be7 7. Be3 cxd4 8. Nxd4
O-O 9. Qd2 Re8 10. O-O-O Nf8 11. g4 h6 12. h4 Bxh4 13. g5 hxg5 14. Qh2 Ng6 15.
Nf3 f6 16. Bd3 Kf7 17. fxg5 Bxg5 18. Nxg5+ fxg5 19. Bxg6+ Kxg6 20. Qh7+ (20.
Qh5+ $1 Kf5 21. Rdf1+ Kxe5 22. Qh2#) 20... Kf7 21. Rdf1+ 1-0

[Event "FSV-ch 2009"]
[Site "Dortmund"]
[Date "2009.04.02"]
[Round "2.10"]
[White "Marienfeld, Udo"]
[Black "Barth, Hans-Joachim"]
[Result "0-1"]
[WhiteElo "1390"]
[BlackElo "1769"]
[PlyCount "24"]
[EventDate "2009.??.??"]
[Source "Pit Schulenburg"]
[SourceDate "2009.02.27"]

1. e4 c5 2. Nf3 e6 3. d4 cxd4 4. Nxd4 a6 5. Nc3 Nc6 6. Nxc6 bxc6 7. Bd3 Qc7 8.
a3 d5 9. exd5 cxd5 10. Qe2 Bb7 11. b4 Qxc3+ 12. Kd1 Qxa1 0-1

[Event "FSV-ch 2009"]
[Site "Dortmund"]
[Date "2009.04.02"]
[Round "2.11"]
[White "Wickenfeld, Stefan"]
[Black "Fahle, Karl-Wilhelm"]
[Result "1-0"]
[WhiteElo "1764"]
[BlackElo "1202"]
[PlyCount "69"]
[EventDate "2009.??.??"]
[Source "Pit Schulenburg"]
[SourceDate "2009.02.27"]

1. e4 e5 2. Bc4 Nf6 3. d4 exd4 4. Nf3 d5 5. exd5 Nxd5 6. Qxd4 c6 7. O-O Be6 8.
Ng5 Qf6 9. Nxe6 fxe6 10. Qg4 h5 11. Qg3 Nd7 12. Bxd5 cxd5 13. Nd2 Rc8 14. c3 e5
15. Nf3 Bd6 16. Bg5 e4 17. Bxf6 Bxg3 18. Bxg7 Rg8 19. hxg3 Rxg7 20. Nd4 Kf7 21.
f3 e3 22. Nf5 Rg6 23. Nxe3 Rcg8 24. g4 Nf6 25. gxh5 Nxh5 26. Ng4 Rg5 27. Nh6+
Kg7 28. Nxg8 Nf4 29. Rf2 Kxg8 30. Rd2 Nh3+ 31. Kh2 Nf4 32. Rd4 Rxg2+ 33. Kh1
Rxb2 34. Rxf4 Rc2 35. Rg1+ 1-0

[Event "FSV-ch 2009"]
[Site "Dortmund"]
[Date "2009.04.02"]
[Round "2.12"]
[White "Stolte, Lukas S"]
[Black "Geelhaar, Thorsten"]
[Result "0-1"]
[WhiteElo "1222"]
[BlackElo "1757"]
[PlyCount "24"]
[EventDate "2009.??.??"]
[Source "Pit Schulenburg"]
[SourceDate "2009.02.27"]

1. e4 e5 2. Nf3 d6 3. Bc4 Be7 4. h3 Nf6 5. Ng5 O-O 6. Nxf7 Rxf7 7. Bxf7+ Kxf7
8. d3 d5 9. f3 Nh5 10. Be3 Bh4+ 11. Kd2 d4 12. Bg1 Qg5+ 0-1

[Event "FSV-ch 2009"]
[Site "Dortmund"]
[Date "2009.04.06"]
[Round "2.13"]
[White "Lemke, Philipp"]
[Black "Weischer, Wolfgang"]
[Result "1-0"]
[WhiteElo "1755"]
[BlackElo "1581"]
[PlyCount "52"]
[EventDate "2009.??.??"]
[Source "Pit Schulenburg"]
[SourceDate "2009.02.27"]

1. e4 e5 2. Nf3 Nc6 3. Bc4 Nf6 4. d4 d5 5. exd5 Nxd4 6. Nxe5 b5 7. Qxd4 bxc4 8.
Qxc4 Qxd5 9. Qxd5 Nxd5 10. O-O Bf5 11. Re1 Bxc2 12. Ng6+ Kd7 13. Nxh8 Bb4 14.
Bd2 Rxh8 15. Bxb4 Nxb4 16. Nc3 Rd8 17. a3 Nc6 18. Rac1 Bb3 19. h3 Nd4 20. Ne4
Ne6 21. Nc5+ Nxc5 22. Rxc5 Rb8 23. Rec1 Rb7 24. R1c3 Kd6 25. h4 g6 26. h5 Bd1
1-0

[Event "FSV-ch 2009"]
[Site "Dortmund"]
[Date "2009.04.02"]
[Round "2.14"]
[White "Ortlepp, Olaf"]
[Black "Vöpel, Karl-Heinz"]
[Result "0-1"]
[WhiteElo "1022"]
[BlackElo "1635"]
[PlyCount "66"]
[EventDate "2009.??.??"]
[Source "Pit Schulenburg"]
[SourceDate "2009.02.27"]

1. Nf3 Nf6 2. d4 d6 3. Nc3 g6 4. e4 Bg7 5. Bc4 O-O 6. O-O c6 7. Bb3 b5 8. e5
dxe5 9. Nxe5 Bb7 10. Re1 Nbd7 11. Ne2 c5 12. Bxf7+ Rxf7 13. Nxf7 Kxf7 14. dxc5
Nxc5 15. Qxd8 Rxd8 16. Be3 Na4 17. Rab1 Nd5 18. Red1 Nxb2 19. Rd2 Nc4 20. Rd3
b4 21. g3 Ne5 22. Rdd1 Rc8 23. Bxa7 Rxc2 24. Nd4 Rxa2 25. f4 {Von beiden
rn bis zum Ende der Partie unbemerkt, zog Schwarz nun regelwidrig, naemlich 25.
..Se5-c3. Die Stellung wird durch einige eingeschobene "Nullzuege" wie folgt
erreicht:} 25... Nc4 26. -- Nd6 27. -- Nb5 28. -- Nbc3 {und weiter geht's ...}
29. Ra1 Rxa1 30. Rxa1 Ne2+ 31. Nxe2 Bxa1 32. Nc1 Nc7 33. Nb3 Bc3 0-1

[Event "FSV-ch 2009"]
[Site "Dortmund"]
[Date "2009.04.02"]
[Round "2.15"]
[White "Rzoczek, Christoph"]
[Black "Kittel, Swetlana"]
[Result "1-0"]
[WhiteElo "1622"]
[BlackElo "946"]
[PlyCount "82"]
[EventDate "2009.??.??"]
[Source "Pit Schulenburg"]
[SourceDate "2009.02.27"]

1. e4 e5 2. Nf3 Nc6 3. Bc4 Nf6 4. d3 h6 5. Nbd2 d5 6. exd5 Nxd5 7. O-O Bf5 8.
a3 Be7 9. Re1 Qd6 10. Ne4 Bxe4 11. dxe4 Nb6 12. Qxd6 cxd6 13. Bb3 O-O 14. Be3
Nd7 15. Rad1 Nf6 16. Nd2 Ng4 17. Nc4 Rad8 18. h3 Nf6 19. Bd2 d5 20. exd5 Nxd5
21. Nxe5 Nd4 22. Ba5 Nb6 23. Ng6 Rfe8 24. Rxd4 Rxd4 25. Nxe7+ Kh7 26. Bxf7 Red8
27. Bg6+ Kh8 28. Bd3 Ra4 29. Bb4 a6 30. b3 a5 31. bxa4 axb4 32. a5 Na4 33. axb4
Nb2 34. a6 bxa6 35. Bxa6 Rd2 36. c4 Nd1 37. Rxd1 Rxd1+ 38. Kh2 Rd4 39. Nd5 Rd2
40. b5 Rxf2 41. b6 Ra2 1-0

[Event "FSV-ch 2009"]
[Site "Dortmund"]
[Date "2009.04.02"]
[Round "2.16"]
[White "Wiebesiek, Michael"]
[Black "Volmer, Martin"]
[Result "0-1"]
[WhiteElo "1524"]
[BlackElo "1597"]
[PlyCount "80"]
[EventDate "2009.??.??"]
[Source "Pit Schulenburg"]
[SourceDate "2009.02.27"]

1. d4 d5 2. Bg5 Nf6 3. e3 Bf5 4. Bd3 Bxd3 5. Qxd3 c6 6. Nf3 Nbd7 7. O-O g6 8.
Nbd2 Bg7 9. Rac1 O-O 10. c4 dxc4 11. Nxc4 Nc5 12. Qc2 Nce4 13. Bh4 Rc8 14. Rfd1
Qd5 15. Nce5 Rc7 16. Ng5 Nxg5 17. Bxg5 Ne4 18. Bf4 Nd6 19. Qa4 a6 20. Rc5 Qe6
21. d5 Qc8 22. dxc6 b5 23. Qc2 Rd8 24. b4 Bxe5 25. Bxe5 f6 26. Bf4 e5 27. Bh6
Nc4 28. Rcd5 Rxd5 29. Rxd5 Rxc6 30. Qd1 Rd6 31. Rxd6 Nxd6 32. e4 Qe6 33. h4 Nf7
34. Be3 Qxa2 35. Bc5 Qe6 36. f3 f5 37. Qd5 Qxd5 38. exd5 Nd8 39. Kf2 Kf7 40.
Ke3 Nb7 0-1

[Event "FSV-ch 2009"]
[Site "Dortmund"]
[Date "2009.04.02"]
[Round "2.17"]
[White "Vogt, Christian"]
[Black "Grube, Jörg"]
[Result "0-1"]
[WhiteElo "1046"]
[BlackElo "1792"]
[PlyCount "68"]
[EventDate "2009.??.??"]
[Source "Pit Schulenburg"]
[SourceDate "2009.02.27"]

1. d4 Nf6 2. c4 e6 3. Nc3 Bb4 4. Bg5 h6 5. Bxf6 {Womit schlaegt Schwarz nun?}
5... Qxf6 (5... Bxc3+ $1 6. bxc3 Qxf6 $15) 6. Nf3 c5 7. e3 a6 8. Be2 O-O 9. O-O
cxd4 10. exd4 Nc6 11. Rc1 Rd8 12. a3 Bf8 13. d5 Ne7 14. Re1 d6 15. Qc2 g6 16.
h3 e5 17. Bd3 Bxh3 18. gxh3 Qxf3 19. Re3 Qf6 20. Kh2 Rac8 21. Ne4 Qf4+ 22. Ng3
Nxd5 23. Re4 Qf6 24. Qe2 Nf4 25. Qf3 Qh4 26. Ne2 d5 27. Rxe5 Nxd3 28. Qxd3 Bd6
29. Qg3 Bxe5 30. Qxe5 Qxf2+ 31. Kh1 Re8 32. Qf4 Qxe2 33. Rg1 Rxc4 34. Qxh6 Qf3+
{und Weiss ueberschritt die Zeit ....} 0-1

[Event "FSV-ch 2009"]
[Site "Dortmund"]
[Date "2009.04.02"]
[Round "2.18"]
[White "Pfeffer, Josef"]
[Black "Behler, Nils"]
[Result "0-1"]
[WhiteElo "1241"]
[BlackElo "1741"]
[PlyCount "138"]
[EventDate "2009.??.??"]
[Source "Pit Schulenburg"]
[SourceDate "2009.02.27"]

1. e4 e5 2. Bc4 Nf6 3. d3 c6 4. a3 Bc5 5. h3 O-O 6. Nc3 d5 7. Ba2 dxe4 8. dxe4
Qxd1+ 9. Nxd1 Nxe4 10. Be3 Bxe3 11. Nxe3 Na6 12. Nf3 Be6 13. Nxe5 Bxa2 14. Rxa2
Rfe8 15. Nf3 Rad8 16. O-O Nc7 17. Raa1 Nd5 18. Nxd5 Rxd5 19. Rad1 Rb5 20. b4
Nc3 21. Rde1 Rd8 22. Re3 Nd5 23. Rd3 Re8 24. Rfd1 Nf6 25. Rd8 Kf8 26. c4 Rf5
27. R1d3 Rf4 28. Rxe8+ Kxe8 29. Nd2 Nd7 30. f3 (30. g3 $1 Rf5 31. Ne4 $16)
30... Ne5 31. Re3 f6 32. Kf1 Kd7 33. Ke2 Nxc4 34. Rd3+ Nd6 35. g3 $2 (35. Ne4
Rxe4+ 36. fxe4 Ke6 37. Ke3 Ke5 38. g4 $16) 35... Rf5 36. f4 Rd5 37. Re3 Rxd2+
38. Kxd2 Nc4+ 39. Ke2 Nxe3 40. Kxe3 Kd6 41. Ke4 b6 42. g4 c5 43. b5 Ke6 44. a4
Kd6 45. h4 g6 46. h5 gxh5 47. gxh5 Ke6 48. f5+ Kd6 49. h6 c4 50. Kd4 c3 51.
Kxc3 Ke5 52. Kc4 Kxf5 53. Kd5 Kg5 54. Kc6 f5 55. Kb7 f4 56. Kxa7 f3 57. Kxb6 f2
58. a5 f1=Q 59. a6 Qf6+ 60. Ka7 Qe7+ 61. Kb6 Qd8+ 62. Kc6 Qa8+ 63. Kb6 Kf6 64.
a7 Ke7 65. Ka6 Kd7 66. b6 Kc8 67. Ka5 Kb7 68. Kb5 Qf8 69. Ka5 Qxh6 0-1

[Event "FSV-ch 2009"]
[Site "Dortmund"]
[Date "2009.04.06"]
[Round "2.19"]
[White "Bommert, Christian"]
[Black "Strotmann, Dieter"]
[Result "1-0"]
[WhiteElo "1656"]
[BlackElo "1193"]
[PlyCount "99"]
[EventDate "2009.??.??"]
[Source "Pit Schulenburg"]
[SourceDate "2009.02.27"]

1. f4 d5 2. Nf3 Bg4 3. e3 e6 4. Be2 Bxf3 5. Bxf3 Nf6 6. O-O Bc5 7. b3 Nbd7 8.
Bb2 c6 9. Nc3 d4 10. Na4 dxe3 11. Nxc5 Nxc5 12. d3 Ncd7 13. Qe2 O-O 14. Qxe3
Nd5 15. Qd2 Qc7 16. g3 N7f6 17. Rae1 Rad8 18. a3 Qb6+ 19. Kh1 Ne8 20. f5 exf5
21. Qg5 Nef6 22. Bxd5 cxd5 23. Rxf5 d4 24. Ref1 Rd6 25. Kg1 Re8 26. Bc1 Rde6
27. Bd2 h6 28. Qf4 Rc8 29. Ba5 Qd6 30. Qxd6 Rxd6 31. R5f2 Rd5 32. Bb4 Ng4 33.
Rxf7 Nf6 34. Rxb7 Rxc2 35. Be7 Re5 36. Bxf6 gxf6 37. Rf2 Ree2 38. Rxe2 Rxe2 39.
Rxa7 Rd2 40. b4 Rxd3 41. Kf1 Rb3 42. Ke2 Kf8 43. g4 Rh3 44. b5 Ke8 45. a4 Rb3
46. Rh7 Rh3 47. b6 Kd8 48. b7 Rxh2+ 49. Kd3 Rb2 50. a5 1-0

[Event "FSV-ch 2009"]
[Site "Dortmund"]
[Date "2009.04.02"]
[Round "2.20"]
[White "Gerke, Dieter"]
[Black "Maffei, Hendrik"]
[Result "0-1"]
[WhiteElo "1587"]
[BlackElo "1186"]
[PlyCount "60"]
[EventDate "2009.??.??"]
[Source "Pit Schulenburg"]
[SourceDate "2009.02.27"]

1. d4 g6 2. Nf3 Bg7 3. e4 d6 4. Bc4 Nf6 5. Nbd2 O-O 6. O-O Bg4 7. Re1 Nbd7 8.
a3 c5 9. c3 cxd4 10. cxd4 Nb6 11. Ba2 e6 12. b4 Rc8 13. Bb2 d5 14. Rc1 Bh6 15.
Rxc8 Nxc8 16. Qc2 Bxf3 17. Nxf3 Nxe4 18. Ne5 Ncd6 19. f3 Qh4 20. Qe2 Bf4 21.
Ng4 h5 22. Bc1 hxg4 23. Bxf4 gxf3 24. gxf3 Qxf4 25. fxe4 Nxe4 26. Rf1 Qg5+ 27.
Kh1 Qh6 28. Kg2 Kg7 29. Bb3 Qg5+ 30. Kh1 Rh8 0-1

[Event "FSV-ch 2009"]
[Site "Dortmund"]
[Date "2009.04.02"]
[Round "2.21"]
[White "Milonas, Georgios"]
[Black "Grüneberg, Ingo"]
[Result "1-0"]
[WhiteElo "1425"]
[BlackElo "1176"]
[PlyCount "71"]
[EventDate "2009.??.??"]
[Source "Pit Schulenburg"]
[SourceDate "2009.02.27"]

1. e4 d5 2. exd5 Qxd5 3. Nc3 Qa5 4. d4 c6 5. Bc4 Bf5 6. Qe2 Nf6 7. Bd2 Qc7 8.
O-O-O Nbd7 9. Nf3 e6 10. Nh4 Bg6 11. Nxg6 hxg6 12. h3 O-O-O 13. Ne4 Nd5 14. Ng5
N7b6 15. Bb3 Bd6 16. g3 Rde8 17. Ne4 e5 18. Nxd6+ Qxd6 19. Qg4+ Kb8 20. dxe5
Rxe5 21. Bf4 Rhe8 22. Bxe5 Rxe5 23. Rhe1 Rxe1 24. Rxe1 Qc5 25. Qe2 a6 26. Qe8+
Nc8 27. Qxf7 Nb4 28. Qf4+ Ka8 29. Qe3 Qxe3+ 30. Rxe3 Ka7 31. Re8 Nd6 32. Re6
Nf5 33. Rxg6 Nd4 34. Rxg7 Nxb3+ 35. axb3 Kb6 36. h4 1-0